[Event "Hiya!"]
[Site "http://www.queenalice.com/game.php?id=7626"]
[Date "2005.3.23"]
[Round "-"]
[White "kstorygal"]
[Black "Plague"]
[Result "0-1"]
[WhiteElo "883"]
[BlackElo "1541"]

1. h4 e5 2. e4 d5 3. Nc3 d4 4. Nb1 b6 5. Bb5+ c6 6. Bf1 g5 7. hxg5 Qxg5 8. b4 b5
9. c3 c5 10. Bxb5+ Bd7 11. Bf1 c4 12. Bxc4 Qxg2 13. Ke2 Qxh1 14. Bd3 Bg4+ 15. f3
Nf6 16. Bb5+ Nbd7 17. d3 Qg2+ 18. Ke1 Qxg1+ 19. Ke2 Bxf3+ 20. Kd2 Qxd1# 0-1

[Event "Again?"]
[Site "http://www.queenalice.com/game.php?id=13595"]
[Date "2005.5.19"]
[Round "-"]
[White "kstorygal"]
[Black "Plague"]
[Result "0-1"]
[WhiteElo "799"]
[BlackElo "1516"]

1. c3 c5 2. Qc2 c4 3. Na3 d5 4. g4 Bxg4 5. Qd1 e5 6. d4 cxd3 7. Nb1 dxe2 8. Nxe2
Nc6 9. Bg2 d4 10. c4 d3 11. b3 dxe2 12. Qd2 Bb4 13. Nc3 Nf6 14. f3 Bh5 15. Bh3
Bxf3 16. a3 Ne4 17. Nxe4 Bxd2+ 18. Bxd2 Bxh1 19. Ng5 Nd4 20. Rb1 Nf3+ 21. Kf2
Qd4+ 22. Be3 e1=Q+ 0-1

[Event "Challenge"]
[Site "http://www.queenalice.com/game.php?id=54112"]
[Date "2006.2.21"]
[Round "-"]
[White "Matt"]
[Black "kstorygal"]
[Result "0-1"]
[WhiteElo "1136"]
[BlackElo "905"]

1. e4 e5 2. Bc4 d6 3. Qf3 Nf6 4. g4 Nc6 5. g5 Nd4 6. Qa3 Bd7 7. gxf6 Qxf6 8. Kd1
Bg4+ 9. f3 Bd7 10. c3 Nc6 11. d4 a5 12. Nh3 Qxf3+ 13. Be2 Qxh3 14. b4 Be7 0-1

[Event "Challenge"]
[Site "http://www.queenalice.com/game.php?id=55089"]
[Date "2006.2.27"]
[Round "-"]
[White "Anaellea"]
[Black "kstorygal"]
[Result "1-0"]
[WhiteElo "829"]
[BlackElo "969"]

1. e4 e6 2. Nc3 c5 3. Bc4 Nc6 4. Nf3 g5 5. d3 b6 6. Bxg5 f6 7. Bh4 Nh6 8. O-O
Ng4 9. Qd2 a6 10. Rad1 Bd6 11. Na4 Bxh2+ 12. Nxh2 Rg8 13. Nxb6 Qxb6 14. b3 Rg6
15. Nxg4 Rxg4 16. Bxf6 Rg6 17. Qc3 d6 18. Bh4 e5 19. Rfe1 Rh6 20. Bg3 Ra7 21.
Bd5 Ne7 22. Bc4 d5 23. exd5 Rd7 24. Rxe5 Rdd6 25. Rg5 a5 26. Re1 Kf8 27. Qg7+
Ke8 28. Qxe7# 1-0

[Event "Challenge"]
[Site "http://www.queenalice.com/game.php?id=60419"]
[Date "2006.3.30"]
[Round "-"]
[White "Anaellea"]
[Black "kstorygal"]
[Result "1-0"]
[WhiteElo "913"]
[BlackElo "913"]

1. e4 c5 2. Nf3 d6 3. Bc4 Na6 4. Ng5 Nh6 5. Qf3 Bg4 6. Bb5+ Bd7 7. Nc3 f5 8. d3
e6 9. Bxd7+ Qxd7 10. O-O Nb4 11. Qe2 Qe7 12. Nh3 g6 13. exf5 Nxf5 14. Bg5 Qc7
15. Qxe6+ Be7 16. Rfe1 Kd8 17. Nf4 Bxg5 18. Ncd5 Qc6 19. a3 Ng7 20. Qf7 Ne8 21.
Ne7 Bh6 22. Nxc6+ bxc6 23. Rac1 Rf8 24. Ne6+ Kc8 25. Nxf8 1-0

[Event "Challenge"]
[Site "http://www.queenalice.com/game.php?id=147711"]
[Date "2006.12.29"]
[Round "-"]
[White "kstorygal"]
[Black "Tlaloc2k"]
[Result "0-1"]
[WhiteElo "883"]
[BlackElo "1431"]

1. d4 d5 2. c3 Nf6 3. Nf3 Nc6 4. g3 Bf5 5. h4 e6 6. Ne5 Nxe5 7. f3 Nc4 8. e4 Bg6
9. f4 Bh5 10. Qa4+ c6 11. b3 Nb6 12. Qa5 Nxe4 13. c4 Nxg3 14. Nd2 Nxh1 15. Bg2
Qxh4+ 16. Kf1 Qf2# 0-1

[Event "Challenge"]
[Site "http://www.queenalice.com/game.php?id=149047"]
[Date "2007.1.2"]
[Round "-"]
[White "kstorygal"]
[Black "technicaldraw"]
[Result "0-1"]
[WhiteElo "883"]
[BlackElo "1793"]

1. d4 Nf6 2. e3 d5 3. c3 c5 4. g4 Bxg4 5. f3 Bh5 6. Bb5+ Nc6 7. dxc5 e5 8. h4
Bxc5 9. b4 Bb6 10. Rh2 Qc7 11. Rd2 Bxe3 12. Qb3 Bxd2+ 13. Nxd2 O-O 14. Nh3 e4
15. fxe4 Qg3+ 16. Kf1 Qxh3+ 0-1

[Event "Challenge"]
[Site "http://www.queenalice.com/game.php?id=163436"]
[Date "2007.2.4"]
[Round "-"]
[White "kstorygal"]
[Black "Tlaloc2k"]
[Result "0-1"]
[WhiteElo "883"]
[BlackElo "1564"]

1. e4 e5 2. c4 Bc5 3. Qc2 Nc6 4. Be2 Nd4 5. Qa4 Nf6 6. b4 Be7 7. Nh3 Nxe4 8. Bh5
Bxb4 9. Qxb4 Qf6 10. Rf1 Nc2+ 11. Ke2 Nxb4 12. f3 Nd6 13. Nc3 Nxc4 14. d3 Nd6
15. g4 e4 16. fxe4 Qxc3 17. Bd2 Qxd3+ 18. Ke1 Nc2+ 19. Kd1 Nxa1 20. Ke1 Nxe4 21.
Rf2 g6 22. Ng5 Nc2+ 23. Kd1 Nxf2+ 24. Kc1 gxh5 25. gxh5 Qc4 26. a3 Nxa3+ 27. Kb2
Qd5 28. Nf3 Qxf3 29. Ka1 Qd1+ 30. Kb2 Qxd2+ 31. Kb3 d5 32. Ka4 Bd7+ 33. Kb3 Qa5
34. Kb2 Qb5+ 35. Kxa3 d4 36. Ka2 d3 37. Ka1 d2 38. Ka2 d1=Q 39. Ka3 Qdb3# 0-1

[Event "Challenge"]
[Site "http://www.queenalice.com/game.php?id=168260"]
[Date "2007.2.13"]
[Round "-"]
[White "glauco_marcal"]
[Black "kstorygal"]
[Result "0-1"]
[WhiteElo "1320"]
[BlackElo "883"]

1. Nf3 c5 2. d4 Qa5+ 3. Bd2 Qb6 4. Nc3 g6 5. dxc5 Qd8 6. Nd5 Bg7 7. Ng5 Nh6 8.
e3 b5 9. cxb6 axb6 10. Nxb6 Ba6 11. Nxa8 Bb7 12. Bc4 d5 13. Bb3 e6 14. Qe2 Bf6
15. Qb5+ Bc6 16. Qb4 Bxg5 17. Ba4 Ng4 18. Qxg4 f5 19. Qd4 Rg8 20. Qa7 Qd6 21.
Qxh7 Bxa4 22. Qxg8+ Ke7 23. Qh7+ Kd8 24. Ba5+ Kc8 25. O-O Bf6 26. Qxg6 Be7 27.
Rad1 Bd8 28. Bxd8 Nc6 29. Bf6 Nb8 30. Rd4 Nc6 31. Rxa4 Ne5 32. Qg7 Ng4 33. Ra7
Qxh2# 0-1

[Event "Challenge"]
[Site "http://www.queenalice.com/game.php?id=173606"]
[Date "2007.2.25"]
[Round "-"]
[White "kstorygal"]
[Black "dasch2007"]
[Result "0-1"]
[WhiteElo "883"]
[BlackElo "1653"]

1. b4 Nc6 2. g3 Nxb4 3. c3 Nd5 4. Qb3 Ngf6 5. Nf3 e6 6. c4 Nb6 7. Nc3 d5 8. cxd5
exd5 9. e3 c6 10. Bd3 Be6 11. h4 d4 12. Qc2 dxc3 13. dxc3 Bc5 14. h5 Nxh5 15.
Rxh5 Qf6 16. Rxc5 Qxf3 17. Rb1 Nd7 18. Rg5 Qf6 19. Rh5 O-O-O 20. Ra5 a6 21. e4
Rhe8 22. Qb2 b6 0-1

[Event "Challenge"]
[Site "http://www.queenalice.com/game.php?id=203740"]
[Date "2007.4.28"]
[Round "-"]
[White "ROLAND"]
[Black "kstorygal"]
[Result "1-0"]
[WhiteElo "1321"]
[BlackElo "883"]

1. e4 g6 2. Nf3 Nf6 3. Nc3 Bg7 4. d3 Nc6 5. Bf4 b6 6. Nb5 d6 7. c3 a6 8. Qa4 Nh5
9. Be3 Be6 10. Nbd4 b5 11. Qc2 Na5 12. b4 Bd7 13. bxa5 e5 14. Bg5 f6 15. Bh4 1-0

[Event "Challenge"]
[Site "http://www.queenalice.com/game.php?id=212611"]
[Date "2007.5.18"]
[Round "-"]
[White "farofa38"]
[Black "kstorygal"]
[Result "0-1"]
[WhiteElo "1485"]
[BlackElo "883"]

1. g4 e6 2. e4 b6 3. Nh3 Nc6 4. c4 Nf6 5. Qe2 Nd4 6. Qd3 Bc5 7. b4 Bxb4 8. Qxd4
h5 9. e5 Nxg4 10. f3 Nh6 11. Bg2 Nf5 12. Qe4 Nh4 13. a3 Ba5 14. Qxa8 Nxg2+ 15.
Kf2 Nh4 16. Qxa7 g5 17. c5 bxc5 18. Qxc5 Rh7 19. Qxa5 Bb7 20. d4 Bxf3 21. Bxg5
f6 22. Bxf6 Re7 23. Bxh4 Bxh1 24. Bxe7 Qb8 25. Bf6 Qb2+ 26. Kg1 Qb7 27. Nc3 Qg2#
0-1